Представление документа в формате RUSMARC

ПолеНазваниеЗначение
  Тип записи a
  Библиографический уровень a
001 Контрольный номер RU/CBS_UL/BASE/2231df2573f344fab7bb013b1883d850
005 Дата корректировки 20230625004911.0
100 Данные общей обработки __
a Данные общей обработки 20230625 ||| 0rusy0189 ca
101 Язык документа 0_
a Язык текста rus
102 Страна публикации __
a Страна публикации RU
200 Заглавие и сведения об ответственности 1_
a Заглавие Только без паники, или Как вести себя в опасных ситуациях
e Сведения, относящиеся к заглавию [о том, как действовать в ситуациях повышенной опасности]
f Первые сведения об ответственности О. Бережная
300 Общие примечания __
a Общие примечания 16+
461 Уровень набора _0
1 2000
a Классная девчонка
463 Уровень физической единицы _0
1 2000
a № 6
v С. 24-25 : фот.
1 2101
d 2020
1 001RU/CBS_UL/BASE/0493b18744c94227815cdaa1dff5a6bf
606 Тематические рубрики 0_
a Основная рубрика Безопасность детей
610 Ключевые слова 0_
a Ключевые слова подростки
610 Ключевые слова 0_
a Ключевые слова безопасность детей
610 Ключевые слова 0_
a Ключевые слова опасные ситуации
610 Ключевые слова 0_
a Ключевые слова действия в опасных ситуациях
686 Индексы других классификаций __
2 Код системы rubbk
a Классификационный индекс 68.9
700 Автор _1
a Фамилия Бережная
b Имя (инициалы) О.
801 Источник записи _0
a Страна RU
b Организация МБУК ЦБС г. Ульяновска
c Дата составления 20230625
g Правила каталогизации RCR
801 Источник записи _1
a Страна RU
b Организация МБУК ЦБС г. Ульяновска
c Дата составления 20230625
g Правила каталогизации RCR
901 Тип документа __
t Тип документа b
w Контрольный № источника RU/CBS_UL/BASE/0493b18744c94227815cdaa1dff5a6bf